Razonamiento jurídico, ciencia del derecho y democracia en Carlos S. Nino /

Compilación de tres ensayos premiados en Argentina por la interpretación que lograron sus autores del pensamiento de Carlos Santiago Nino (1943-1993), filósofo y jurista argentino. Los temas analizados son los que se enuncian en el título de la presente obra, además se incluye otro ensayo que presen...

Whakaahuatanga katoa

I tiakina i:
Ngā taipitopito rārangi puna kōrero
Kaituhi matua: Rosenkrantz, Carlos (comp.)
Ētahi atu kaituhi: Vigo, Rodolfo Luis (compilación) (compilación)
Hōputu: Pukapuka
Reo:Pāniora
I whakaputaina: México : Fontamara, 2008, c2008
Rangatū:(Doctrina Jurídica Contemporánea ; 33)
Ngā marau:
Ngā Tūtohu: Tāpirihia he Tūtohu
Kāore He Tūtohu, Me noho koe te mea tuatahi ki te tūtohu i tēnei pūkete!

MARC

LEADER 00000nam^a2200000^a^4500
001 000304635
005 20250521000000.0
009 20260310112724.963
020 |a 978-968-476-709-6 
037 |a Acervo ITESO - Biblioteca 
041 |a ESP 
082 |a 340. 1  |b DOC V. 33 
100 |a Rosenkrantz, Carlos  |e (comp.) 
240 1 1 |a [Doctrina jurídica contemporánea] 
245 1 0 |a Razonamiento jurídico, ciencia del derecho y democracia en Carlos S. Nino /  |c C. Rosenkrantz, R.L. Vigo ; dir. de la serie de J.R. Cossío Díaz, R. Vázquez ; presen. de Mariano A.T. Candioti. 
264 4 |a México :  |b Fontamara,  |c 2008, c2008 
300 |a 357 p. 
336 |a texto  |b txt  |2 rdacontenido 
337 |a sin mediación  |b n  |2 rdamedio 
338 |a volumen  |b nc  |2 rdasoporte 
440 1 |a (Doctrina Jurídica Contemporánea ;  |v 33) 
520 |a Compilación de tres ensayos premiados en Argentina por la interpretación que lograron sus autores del pensamiento de Carlos Santiago Nino (1943-1993), filósofo y jurista argentino. Los temas analizados son los que se enuncian en el título de la presente obra, además se incluye otro ensayo que presenta una visión general de la producción intelectual de este jurista. 
649 |a XX 
650 |a Juristas Argentinos 
650 |a Argumentación Jurídica 
650 |a Justicia e Injusticia 
650 |a Democracia 
650 |a Etica Política 
650 |a Derechos Humanos 
650 |a Derecho Constitucional 
650 |a Política 
650 |a Derecho -  |x Filosofía 
650 |a Derecho -  |x Teoría 
650 |a Nino, Carlos Santiago -  |x Tema Principal 
700 |a Vigo, Rodolfo Luis  |e (compilación) 
910 |a Fondo General 
920 |a Impresos - Libros 
930 |a Colección General 
905 |a 101 
901 |a 0500190987  |b IT1  |c ACC  |i C124966  |u 20250521 
902 |a https://opac.biblio.iteso.mx/vufind/Record/000304635